01599nam a2200373 i 4500001001000000003000900010005001700019007000300036008004100039040003000080082001900110110017700129245006900306264006100375300002500436336002700461337003300488338002800521490002700549500003500576590002600611650002400637650005200661650002000713650003200733650004700765710008300812900003700895910000700932942001300939952012200952952013401074999001701208000049167DO-SdBNP20240417195416.0ta190724s2005 dr 000 0 spa d aDO-SdBNPbspacBNPHUerda 4a323bR426p2221 aRepública Dominicana.bSecretaría de Estado de Interior y Policía.bPlan de Seguridad Democrática.bVoluntariado de la Garantía de los Derechos Ciudadanos.95454600aConvención interamericana para prevenir y sancionar la tortura aSanto Domingo :bPlan de Seguridad Democrática,c2005. a16 paginas ;c15 cm. 2rdacontentatextobtxt 2rdamediaasin mediaciónbn 2rdacarrieravolumenbnc1 aDerechos ciudadanosv9 aTítulo tomado de la cubierta aInventariado, 2023/DG 0aDerecho civil95702 4aDerechos humanos (Derecho internacional)950376 4aTortura 983902 4aProcesos por tortura983903 4aViolación de los derechos humanos9306842 aSecretaría de Estado de Interior y Policía (República Dominicana)976495 aValidado. Control de calidad MFF aDG 2ddccLF2 00102ddc51708PD-FaBNPHUbBNPHUcHDd2023-08-01l0oBNPHU F-PD 323 R426p9p2023-5101r2023-08-01w2023-08-01yLF2 00102ddc51708PDaBNPHUbBNPHUcCTd2025-08-11edonaciónl0oBNPHU PD 323 R426pp2025-8169r2025-08-11te.2w2025-08-11yLF2 c54279d54279